BSc and Diploma in Computing and Information Systems (Record no. 3000)

MARC details
000 -LEADER
fixed length control field 00400nam a2200145Ia 4500
008 - FIXED-LENGTH DATA ELEMENTS--GENERAL INFORMATION
fixed length control field 230312s9999||||xx |||||||||||||| ||und||
082 ## - DEWEY DECIMAL CLASSIFICATION NUMBER
Classification number 005.74
Item number OHE
100 ## - MAIN ENTRY--PERSONAL NAME
Personal name Djan J. Ohene
245 #0 - TITLE STATEMENT
Title BSc and Diploma in Computing and Information Systems
260 ## - PUBLICATION, DISTRIBUTION, ETC.
Name of publisher, distributor, etc. Goldsmiths
Place of publication, distribution, etc. London
Date of publication, distribution, etc. 2004
300 ## - PHYSICAL DESCRIPTION
Extent 174
546 ## - LANGUAGE NOTE
Language note Eng.
650 ## - SUBJECT ADDED ENTRY--TOPICAL TERM
Topical term or geographic name entry element Computer
Form subdivision Introduction , Introducing e-business
942 ## - ADDED ENTRY ELEMENTS (KOHA)
Koha item type BOOK
Holdings
Withdrawn status Lost status Source of classification or shelving scheme Damaged status Not for loan Collection Home library Current library Date acquired Total Checkouts Full call number Barcode Date last seen Price effective from Koha item type
    Dewey Decimal Classification     CS/IT Superior Information Resource Center (SIRC) Superior University- Gold Campus Superior Information Resource Center (SIRC) Superior University- Gold Campus 03/13/2023   005.74 OHE 3013 03/13/2023 03/13/2023 BOOK

Powered by Koha